000 00346cam a22001217a 4500
008 180718b1973 xxu||||| |||| 00| 0 eng d
082 _aT1 P512
245 _aEconomic justice, selected readings
_cedited by Edmund S. Phelps
260 _aMiddlesex
_bPenduin Education
_c1973
300 _a479p.
650 _aEconomics
700 _aPhelps, Edmund S.
999 _c351033
_d351033